01570njm a2200337Ia 450000100060000000300090000600500170001500800410003204000130007304000130008610000110009910000180011010000380012824500390016625000110020526000110021626000670022730000100029430000290030450000160033350502390034951100270058865000460061570000640066170000840072570000670080970000990087670000820097570000790105770000960113625883IT-RoPAU20220918181121.0131025s9999 xx 000 0 und d aIT-RoPAU cIT-RoPAU aAA.VV. eAutore musica gCodice autore musica SPICS: 12000 aMonk On Riverside 1955-57, vol. 05 a2a ed. aMILANO bRIVERSIDE RECORDSc1984 [1a Ed.:1957 - Ed. Lingua Orig.: 1957] aDISCO c39 minuti (Testo: pag.) aMusica jazz aApril in Paris [(12/16 aprile 1957) (4:00)] - I'm Getting Sentimental Over You [(12/16 aprile 1957) (5:00)] - All Alone [(12/16 aprile 1957) (5:00)] - Monk's Mood [(12/16 aprile 1957) (8:00)] - Functional [(12/16 aprile 1957) (19:00)] aTheolonius Monk: piano aJAZZ [DISCHI]eCodice MATERIA SPICS: 9950 aMonk TheloniousgCodice interprete SPICS: 10795eInterprete aHarburg E. Y.gCodice autore musica SPICS: 15671eAutore musicapApril in Paris aDuke DarylgCodice autore SPICS: 18339eAutorepApril in Paris aWashingtongCodice autore musica SPICS: 20489eAutore musicapI'm Getting Sentimental Over You aBassmangCodice autore SPICS: 15818eAutorepI'm Getting Sentimental Over You aBerlin IrvinggCodice autore musica SPICS: 14042eAutore musicapAll Alone aMonk TheloniousgCodice autore musica SPICS: 10795eAutore musicapMonk's Mood - Functional